000 01091cab a2200409 4500
001 ABS47561
008 090401t1992 xxu||||| |||| 00| 0 eng d
035 _a(Sirsi) u62487
041 _aeng
100 _aSmith, D.
245 _aEurope tied down by world recession
260 _c1992
350 _a0
490 _aInternational Construction
_v31(12) December 1992, 8(1)
520 _aAn analysis of the outlook for Europe`s construction markets in 1993. Predicts that the future is grim and there are few signs of a return to growth in the short-term.
650 _aAUSTRIA
650 _aBELGIUM
650 _aCONSTRUCTION MARKET
650 _aDENMARK
650 _aEUROPE
650 _aFINLAND
650 _aFORECAST
650 _aFRANCE
650 _aGERMANY
650 _aIRELAND
650 _aITALY
650 _aNEHTERLANDS
650 _aNORWAY
650 _aSPAIN
650 _aSWEDEN
650 _aSWITZERLAND
650 _aUNITED KINGDOM
690 _aBUILT ENVIRONMENT
690 _aOVERSEAS-EUROPE
942 _n0
948 _c04/03/1997
999 _c38823
_d38823